00981 2200205 4500001002100000005001500021035002000036008004100056245003100097100001400128250000600142260003800148300001200186084001400198082000800212650001000220520052100230990001200751990001200763INLIS00000000000087520240604093458 a0010-0524000110240604 1 ind 1 aHarley Skuter /cAnton W.P aAnton W.P a1 aYogyakarta :bSheila/ Andi,c2007 a132 hlm a813 ANT h a813 4aFiksi aHarley yang satu ini bukan merek moge. Meski sama gedenya juga niatnya buat merengkuh cewek impiannya. Beda dengan cowok lain: Harley memang unik. Apalagi tongkrongannya skuter Lambretta, yang pabriknya aja sudah tutup. Tapi bukan Harley kalau ia menyerah dari Dandy cowok ber-BMW yang sok kaya itu. Cewek mana sih yang memilih skuter kalau ada BMW? Nyatanya ada! Bukan cuma satu, dan semuanya primadona sekolah! Kok bisa sih? Penasaran? Cari tahu resep Harley di sini. Sekaligus contek idenya kalau kamu suka. a0741350 a0741351